000 00938nas a2200277 4500
001 BR0810547
003 BR-BrBNA
005 20231205112940.0
007 ta
008 230509b bl.|||p| |||| 00| 00por d
040 _aBR-BrBNA
_bpor
_cBiblioteca Nacional de Agricultura
041 _a(Pt)
072 _aP10
100 1 _aBarros, R.M.
100 1 _aMendiondo, E.M.
100 1 _aWendland, E.
245 1 _aCálculo de áreas inundadas devido a enchentes para o Plano Diretor de drenagem urbana de São Carlos (PDDUSC)na Bacia Escola do córrego do Gregório
650 _aBACIA HIDROGRÁFICA
650 _aINUNDAÇÃO
650 _aSÃO CARLOS
650 _aBACIA ESCOLA DO CÓRREGO DO GREGÓRIO
650 _aPLANO DIRETOR
773 0 _tRevista Brasileira de Recursos Hídricos (Brazil)
_xISSN 1414-381X
_g(Apr-Jun 2007), v. 12(2) p. 5-17
_wBR0810547
909 _a202311
_bLúcia
_c55
_dLúcia Elande
942 _2AGRIS
_n0
_cANA
999 _c200972
_d200972